[Event "50th Rilton Cup 2022-23"]
[Site "Stockholm SWE"]
[Date "2022.12.29"]
[Round "3.20"]
[White "Shohat, Yotam"]
[Black "Alonso Garcia, Aaron"]
[Result "0-1"]
[WhiteTitle "FM"]
[BlackTitle "IM"]
[WhiteElo "2294"]
[BlackElo "2439"]
[WhiteFideId "2813955"]
[BlackFideId "24521060"]
[EventDate "2022.12.27"]

1. e4 c5 2. Nf3 e6 3. d4 cxd4 4. Nxd4 Nc6 5. Nc3 Qc7 6. g3 a6 7. Bg2 Nf6 8. O-O
Nxd4 9. Qxd4 Bc5 10. Bf4 d6 11. Qd2 h6 12. Rad1 e5 13. Be3 Ke7 14. Bxc5 Qxc5 15.
Na4 Qc6 16. f4 a5 17. Qd3 b5 18. Nc3 b4 19. fxe5 dxe5 20. Nd5+ Nxd5 21. exd5 Qd6
22. Qe3 Bd7 23. Be4 Rac8 24. Qf3 Rhf8 25. g4 h5 26. h3 hxg4 27. hxg4 Rc4 28. Kg2
Kd8 29. Kg3 f5 30. gxf5 Bxf5 31. Bxf5 Rf4 32. Qe2 R8xf5 33. Rxf4 Rxf4 34. Qh5
Qf6 35. Rh1 Rf5 36. Qh8+ Kd7 37. Qh3 Kd6 38. Qh4 Qg6+ 0-1

[Event "50th Rilton Cup 2022-23"]
[Site "Stockholm SWE"]
[Date "2022.12.29"]
[Round "3.21"]
[White "Koelle, Tobias"]
[Black "Ram, Aravind L N"]
[Result "1/2-1/2"]
[WhiteTitle "FM"]
[BlackTitle "FM"]
[WhiteElo "2439"]
[BlackElo "2272"]
[WhiteFideId "16207378"]
[BlackFideId "25033760"]
[EventDate "2022.12.27"]

1. d4 Nf6 2. c4 c5 3. d5 e6 4. Nc3 exd5 5. cxd5 d6 6. Nf3 g6 7. Nd2 Nbd7 8. e4
Bg7 9. Be2 O-O 10. O-O Re8 11. Re1 a6 12. a4 b6 13. Qc2 Ra7 14. Rb1 Nf8 15. b4
Rae7 16. bxc5 bxc5 17. Bd3 Ng4 18. Nc4 Ne5 19. Bg5 f6 20. Nxe5 Rxe5 21. Bf4 R5e7
22. Nd1 g5 23. Bd2 Ng6 24. Ne3 Nf4 25. Nc4 f5 26. Ba5 Qd7 27. Nb6 Qc7 28. Nc4
Qd7 29. Nb6 Qc7 30. Nc4 1/2-1/2

[Event "50th Rilton Cup 2022-23"]
[Site "Stockholm SWE"]
[Date "2022.12.29"]
[Round "3.22"]
[White "Ruiz Buendia, Miguel"]
[Black "Petursson, Margeir"]
[Result "0-1"]
[WhiteTitle "FM"]
[BlackTitle "GM"]
[WhiteElo "2257"]
[BlackElo "2437"]
[WhiteFideId "24537675"]
[BlackFideId "2300028"]
[EventDate "2022.12.27"]

1. e4 c5 2. Nf3 d6 3. d4 cxd4 4. Nxd4 Nf6 5. Nc3 a6 6. Be3 e5 7. Nb3 Be6 8. f3
h5 9. Nd5 Bxd5 10. exd5 Nbd7 11. Qd2 Qc7 12. c4 b6 13. O-O-O g6 14. Kb1 Bg7 15.
h3 a5 16. Be2 h4 17. Bg5 Ng8 18. Rhe1 Kf8 19. f4 a4 20. Na1 Ngf6 21. Bd3 Kg8 22.
f5 gxf5 23. Bxf5 Qxc4 24. Rc1 Qb5 25. Rc6 Rh5 26. Bg4 Nxg4 27. hxg4 Rxg5 28.
Qxg5 Qxd5 29. Rc7 Nc5 30. Qf5 Rf8 31. Rf1 Ne4 32. Rh1 Ng3 33. Qf2 Nxh1 0-1

[Event "50th Rilton Cup 2022-23"]
[Site "Stockholm SWE"]
[Date "2022.12.29"]
[Round "3.23"]
[White "Wiedenkeller, Michael"]
[Black "Tanmay, Chopra"]
[Result "1/2-1/2"]
[WhiteTitle "IM"]
[BlackTitle "FM"]
[WhiteElo "2435"]
[BlackElo "2329"]
[WhiteFideId "1700146"]
[BlackFideId "25630946"]
[EventDate "2022.12.27"]

1. d4 Nf6 2. c4 e6 3. Nc3 Bb4 4. e3 O-O 5. Ne2 c6 6. a3 Ba5 7. Ng3 d5 8. Be2
Nbd7 9. O-O dxc4 10. Bxc4 c5 11. Nce4 cxd4 12. Qxd4 Bb6 13. Nxf6+ Qxf6 14. Qxf6
Nxf6 15. b3 Bd7 16. Bb2 Bc6 17. Rfd1 Rfd8 18. Ne2 Ne4 19. Nd4 Bd5 20. Bxd5 Rxd5
21. Nf3 Rad8 22. Rxd5 Rxd5 23. Rc1 f6 24. Bd4 e5 25. Bxb6 axb6 26. g4 Rd3 27.
Rc4 Nc5 28. b4 Ne6 29. a4 Rd8 30. Nh4 g6 31. f4 exf4 32. exf4 Ra8 1/2-1/2

[Event "50th Rilton Cup 2022-23"]
[Site "Stockholm SWE"]
[Date "2022.12.29"]
[Round "3.24"]
[White "Adithya A Chullikkad"]
[Black "Blomqvist, Erik"]
[Result "1-0"]
[WhiteTitle "CM"]
[BlackTitle "GM"]
[WhiteElo "2206"]
[BlackElo "2544"]
[WhiteFideId "45078734"]
[BlackFideId "1709437"]
[EventDate "2022.12.27"]

1. e4 c5 2. Nf3 e6 3. d4 cxd4 4. Nxd4 a6 5. a3 Bc5 6. Be3 d6 7. Nc3 Nf6 8. e5
dxe5 9. Nxe6 Bxe6 10. Qxd8+ Kxd8 11. Bxc5 Nbd7 12. O-O-O Rc8 13. Bd6 Ng4 14. Rd2
f6 15. g3 Ke8 16. Bg2 Nc5 17. Bxc5 Rxc5 18. Bxb7 a5 19. h3 Nh6 20. Bd5 Ke7 21.
Bxe6 Kxe6 22. Ne4 Rc6 23. b4 Rb8 24. Nc5+ Kf7 25. c3 Nf5 26. Rd7+ Kg6 27. Rhd1
h5 28. R1d5 axb4 29. axb4 e4 30. Kd2 e3+ 31. fxe3 Nxg3 32. Kd3 h4 33. Rd4 f5 34.
Rxh4 Ra8 35. Rhd4 Ra2 36. R4d6+ Rxd6+ 37. Rxd6+ Kh5 38. Ne6 Ne4 39. Nxg7+ Kg5
40. h4+ Kg4 41. Rg6+ Kf3 42. Nxf5 1-0

[Event "50th Rilton Cup 2022-23"]
[Site "Stockholm SWE"]
[Date "2022.12.29"]
[Round "3.25"]
[White "Garriga Cazorla, Pere"]
[Black "Bellon Lopez, Juan Manuel"]
[Result "1-0"]
[WhiteTitle "IM"]
[BlackTitle "GM"]
[WhiteElo "2490"]
[BlackElo "2314"]
[WhiteFideId "32011601"]
[BlackFideId "2200031"]
[EventDate "2022.12.27"]

1. e4 c5 2. Nf3 e6 3. d4 cxd4 4. Nxd4 a6 5. Bd3 d6 6. O-O Nf6 7. c4 Nbd7 8. Nc3
Qc7 9. a4 b6 10. a5 bxa5 11. Nb3 a4 12. Rxa4 Rb8 13. Na5 Be7 14. b4 Ne5 15. Be2
O-O 16. Bd2 Bd7 17. b5 d5 18. exd5 exd5 19. Bf4 Bd6 20. Nxd5 Nxd5 21. Qxd5 Nf3+
22. Qxf3 Bxf4 23. g3 Bg5 24. Nc6 Rb6 25. Nb4 axb5 26. Nd5 Qb7 27. Nxb6 Bc6 28.
Ra7 Qxb6 29. Qa3 b4 30. Qa5 Qxa5 31. Rxa5 Bf6 32. Ra6 Be4 33. Rb6 Bc3 34. c5 h5
35. Ba6 h4 36. c6 hxg3 37. hxg3 Bf5 38. c7 Be5 39. Rc1 Bc8 40. Bxc8 1-0

[Event "50th Rilton Cup 2022-23"]
[Site "Stockholm SWE"]
[Date "2022.12.29"]
[Round "3.26"]
[White "Kupervaser, Erez"]
[Black "Aditya, Mittal"]
[Result "1-0"]
[WhiteTitle "FM"]
[BlackTitle "IM"]
[WhiteElo "2331"]
[BlackElo "2479"]
[WhiteFideId "2814587"]
[BlackFideId "35042025"]
[EventDate "2022.12.27"]

1. e4 c5 2. Nf3 d6 3. d4 cxd4 4. Qxd4 Nf6 5. Nc3 Nc6 6. Bb5 Bd7 7. Bxc6 Bxc6 8.
Bg5 e6 9. O-O-O Be7 10. Bxf6 gxf6 11. Qe3 Qa5 12. Nd4 Bd7 13. f4 b5 14. Rhe1
O-O-O 15. Nb3 Qc7 16. Rd4 Kb8 17. Qd3 Qb6 18. a4 a6 19. axb5 axb5 20. Nd2 Bc6
21. Nd5 Qa7 22. Nb3 Bf8 23. Rb4 exd5 24. Nd4 Bd7 25. Nxb5 Qa5 26. Qb3 Bh6 27.
Nc7+ Qxb4 28. Na6+ Ka7 29. Nxb4 Bxf4+ 30. Kb1 Ra8 31. exd5 Be5 32. Qc4 Kb7 33.
Nc6 Ra6 34. Re3 Rha8 35. Rb3+ Rb6 36. Rxb6+ Kxb6 37. h3 h5 38. Qe2 Bxc6 39. dxc6
Ra4 40. Qxh5 Rb4 41. b3 Re4 42. c4 Re3 43. Qxf7 Kxc6 44. Qd5+ Kb6 45. Ka2 f5 46.
Ka3 f4 47. h4 Rg3 48. c5+ Kc7 49. Ka4 Re3 50. Kb5 dxc5 51. h5 1-0

[Event "50th Rilton Cup 2022-23"]
[Site "Stockholm SWE"]
[Date "2022.12.29"]
[Round "3.27"]
[White "Westerberg, Jonathan"]
[Black "Kalogridis, Antonios"]
[Result "1-0"]
[WhiteTitle "GM"]
[BlackTitle "FM"]
[WhiteElo "2476"]
[BlackElo "2293"]
[WhiteFideId "1701754"]
[BlackFideId "25833901"]
[EventDate "2022.12.27"]

1. e4 c5 2. c4 Nc6 3. Nc3 g6 4. g3 Bg7 5. Bg2 a6 6. a3 b5 7. cxb5 axb5 8. Nxb5
Ba6 9. Bf1 Nf6 10. Nc3 Bxf1 11. Kxf1 O-O 12. d3 d5 13. Bg5 dxe4 14. dxe4 Qb8 15.
Rb1 Rd8 16. Qe2 Nd4 17. Qc4 Ng4 18. Kg2 Ne5 19. Qf1 Qb7 20. Bf4 Nb3 21. Rd1 Rxd1
22. Qxd1 Nc4 23. Qe2 Nxa3 24. Nf3 Nd4 25. Nxd4 cxd4 26. Nd5 Nb5 27. Rc1 e5 28.
Bg5 h6 29. Bf6 Bxf6 30. Nxf6+ Kg7 31. Nd5 Ra2 32. Qf3 Qa6 33. Nb4 Qa4 34. Nxa2
Qxa2 35. Rc6 1-0

[Event "50th Rilton Cup 2022-23"]
[Site "Stockholm SWE"]
[Date "2022.12.29"]
[Round "3.28"]
[White "Crevatin, Leo"]
[Black "Pranesh, M"]
[Result "0-1"]
[WhiteTitle "FM"]
[BlackTitle "IM"]
[WhiteElo "2319"]
[BlackElo "2475"]
[WhiteFideId "1726307"]
[BlackFideId "35028600"]
[EventDate "2022.12.27"]

1. d4 d5 2. c4 c6 3. cxd5 cxd5 4. Bf4 Nc6 5. e3 Nf6 6. Nc3 Bf5 7. Qb3 Na5 8.
Qa4+ Bd7 9. Qc2 Rc8 10. Bd3 e6 11. h3 Nc4 12. Nf3 b5 13. Bxc4 dxc4 14. Ne5 Be7
15. O-O Nd5 16. Nxd5 exd5 17. Nxd7 Qxd7 18. e4 O-O 19. Rfe1 Rfe8 20. a3 Bf6 21.
e5 Bd8 22. Bd2 a5 23. Re3 Bb6 24. Bc3 b4 25. axb4 axb4 26. Bxb4 Bxd4 27. Re2
Bxe5 28. Rae1 f6 29. Bd2 d4 30. Re4 d3 31. Qc1 Qd5 32. Kh1 Kf7 33. f3 f5 34.
R4e3 h6 35. Qa1 Ra8 36. Qc1 Bd4 37. Rxe8 Rxe8 38. Rxe8 Kxe8 39. Qe1+ Kf7 40. Qc1
Kg6 41. Bf4 Qb5 0-1

[Event "50th Rilton Cup 2022-23"]
[Site "Stockholm SWE"]
[Date "2022.12.29"]
[Round "3.29"]
[White "Dixit, Nikhil"]
[Black "Zumsande, Martin"]
[Result "1/2-1/2"]
[WhiteTitle "FM"]
[BlackTitle "IM"]
[WhiteElo "2306"]
[BlackElo "2465"]
[WhiteFideId "5059534"]
[BlackFideId "4651324"]
[EventDate "2022.12.27"]

1. e4 e6 2. d4 d5 3. e5 c5 4. c3 Nc6 5. Nf3 Bd7 6. Be2 Rc8 7. O-O a6 8. Na3 cxd4
9. cxd4 Bxa3 10. bxa3 Nge7 11. Rb1 Na5 12. Bd3 h6 13. Bd2 Bc6 14. Ne1 Nc4 15.
Bc1 Nf5 16. Bxf5 exf5 17. Nd3 Qh4 18. Nf4 O-O 19. Qd3 Bb5 20. Qxf5 g6 21. Qh3
Qxh3 22. Nxh3 Kh7 23. Nf4 Nb6 24. Re1 g5 25. a4 Nxa4 26. Nxd5 Rfd8 27. Nf6+ Kg6
28. Be3 Nc3 29. Rb2 Rc4 30. h3 Bc6 31. Rc1 1/2-1/2

[Event "50th Rilton Cup 2022-23"]
[Site "Stockholm SWE"]
[Date "2022.12.29"]
[Round "3.30"]
[White "Miezis, Normunds"]
[Black "Olsson, William"]
[Result "0-1"]
[WhiteTitle "GM"]
[BlackTitle "FM"]
[WhiteElo "2441"]
[BlackElo "2290"]
[WhiteFideId "11600136"]
[BlackFideId "1741721"]
[EventDate "2022.12.27"]

1. c4 c5 2. g3 g6 3. Bg2 Bg7 4. Nc3 Nc6 5. a3 e6 6. d3 Nge7 7. h4 h6 8. Bd2 d5
9. cxd5 exd5 10. Nh3 d4 11. Na4 Bxh3 12. Rxh3 b6 13. b4 cxb4 14. axb4 O-O 15.
Qb3 Rc8 16. Kf1 Nf5 17. Be4 Qf6 0-1

[Event "50th Rilton Cup 2022-23"]
[Site "Stockholm SWE"]
[Date "2022.12.29"]
[Round "3.31"]
[White "Kolbus, Dietmar"]
[Black "Moksh, Amit Doshi"]
[Result "0-1"]
[WhiteTitle "IM"]
[BlackTitle "IM"]
[WhiteElo "2292"]
[BlackElo "2414"]
[WhiteFideId "4610628"]
[BlackFideId "25064967"]
[EventDate "2022.12.27"]

1. Nf3 d5 2. d4 Nf6 3. c4 e6 4. e3 c6 5. Bd3 Nbd7 6. Nc3 dxc4 7. Bxc4 b5 8. Bd3
Bd6 9. Ne4 Nxe4 10. Bxe4 Bb7 11. O-O O-O 12. b3 a6 13. Bb2 f5 14. Bd3 c5 15. Qe2
cxd4 16. exd4 Re8 17. Rad1 Nf6 18. Ne5 Nd5 19. Qf3 Qa5 20. Bb1 Rac8 21. Qg3 Re7
22. h4 Nc3 23. Bxc3 Rxc3 24. Rd3 Rxd3 25. Qxd3 Rc7 26. Qe2 Bd5 27. Rd1 Rc8 28.
Kh2 Qd8 29. g3 Rc3 30. Rd3 Rc7 31. Rd2 Be7 32. Kh3 Bb7 33. d5 Bxd5 34. Bxf5 Bb4
35. Rd4 exf5 36. Rxb4 Be4 37. Rxe4 fxe4 38. Qxe4 Re7 39. f4 Re8 40. a4 Qc8+ 41.
Kh2 Rd8 42. Nf3 Kh8 43. axb5 axb5 44. b4 Qc4 45. Qe7 Qc2+ 46. Kh3 Qc8+ 47. g4
Qa8 48. Qe3 Qa2 49. Kg3 Qd5 50. h5 h6 51. Qe7 Qd6 52. Qe4 Qd3 53. Qe7 Qd6 54.
Qe4 Kg8 55. Qe1 Rc8 56. Ne5 Qe6 57. Qe3 Ra8 58. Qd3 Rb8 59. Kf3 Qa2 60. Kg3 Qe6
61. Kf3 Rc8 62. Qxb5 Qb3+ 63. Ke4 Qc2+ 64. Qd3 Qg2+ 65. Qf3 Qb2 66. Qd3 Qxb4+
67. Qd4 Qb1+ 68. Qd3 Qh1+ 69. Qf3 Qc1 70. Qd3 Qe1+ 71. Qe3 Qa1 72. Kf3 Rc3 73.
Nd3 Qh1+ 74. Kg3 Qd5 75. Qe8+ Kh7 76. Qg6+ Kh8 77. Qe8+ Qg8 78. Qd7 Qa8 79. g5
hxg5 80. h6 gxf4+ 81. Kxf4 Qf8+ 82. Ke3 gxh6 83. Qd4+ Qg7 84. Qd8+ Kh7 85. Kd2
Rc7 86. Qe8 Qg5+ 87. Kd1 Re7 88. Qc8 h5 89. Qc6 Qg1+ 90. Kd2 Qh2+ 91. Kd1 Qe2+ 0-1

[Event "50th Rilton Cup 2022-23"]
[Site "Stockholm SWE"]
[Date "2022.12.29"]
[Round "3.32"]
[White "Mertanen, Janne"]
[Black "Bai, Adelard"]
[Result "1/2-1/2"]
[WhiteTitle "FM"]
[BlackTitle "FM"]
[WhiteElo "2269"]
[BlackElo "2411"]
[WhiteFideId "501875"]
[BlackFideId "16301188"]
[EventDate "2022.12.27"]

1. d4 Nf6 2. c4 e6 3. Nc3 Bb4 4. f3 c5 5. d5 d6 6. e4 Bxc3+ 7. bxc3 Qc7 8. Bd3
Nbd7 9. dxe6 fxe6 10. f4 b5 11. Nf3 bxc4 12. Bxc4 Nxe4 13. Bxe6 Ndf6 14. Bxc8
Rxc8 15. c4 Qa5+ 16. Bd2 Nxd2 17. Qxd2 Qxd2+ 18. Nxd2 Kd7 19. O-O-O Kc6 20. Rhe1
Rhe8 21. Kc2 Rcd8 22. Nf3 Ng4 23. Kc3 Re3+ 24. Rxe3 Nxe3 25. Rd2 Rb8 26. Re2
Nd1+ 27. Kc2 Nb2 28. Re7 Nxc4 29. Rxg7 Ne3+ 30. Kd3 Nd5 31. f5 Re8 32. Kd2 Re4
33. Rxa7 c4 34. Ra6+ Kc7 35. Ra5 c3+ 36. Kc1 Kc6 37. Ra6+ Kc5 38. Ra5+ Kc6 39.
Ra6+ Kc5 1/2-1/2

[Event "50th Rilton Cup 2022-23"]
[Site "Stockholm SWE"]
[Date "2022.12.29"]
[Round "3.33"]
[White "Stefanou, Dimitrios"]
[Black "Willow, Jonah B"]
[Result "1/2-1/2"]
[BlackTitle "IM"]
[WhiteElo "2266"]
[BlackElo "2409"]
[WhiteFideId "25825011"]
[BlackFideId "438804"]
[EventDate "2022.12.27"]

1. e4 c5 2. Nf3 e6 3. g3 Nc6 4. Bg2 Nf6 5. Qe2 e5 6. c3 Be7 7. O-O O-O 8. Na3
Re8 9. d3 h6 10. Nc4 Bf8 11. a3 Rb8 12. b4 d5 13. exd5 Nxd5 14. Bb2 Nb6 15. Rad1
cxb4 16. axb4 Nxc4 17. dxc4 Qc7 18. Nd2 Be6 19. Bd5 a5 20. Rfe1 axb4 21. cxb4
Bxb4 22. Bxe5 Nxe5 23. Qxe5 Bd6 24. Qd4 Bc5 25. Qd3 Rbd8 26. Ne4 Bb4 27. Re3 b5
28. Qb3 Bxd5 29. cxd5 Qc4 30. Qxc4 bxc4 31. Rb1 Bf8 32. Rbe1 Re5 33. Nd2 Rexd5
34. Nxc4 Rc5 35. Ne5 Rc2 36. R3e2 Rdd2 37. Rxd2 Rxd2 38. Kf1 Bc5 39. Re2 Rxe2
40. Kxe2 1/2-1/2

[Event "50th Rilton Cup 2022-23"]
[Site "Stockholm SWE"]
[Date "2022.12.29"]
[Round "3.34"]
[White "Akesson, Ralf"]
[Black "Torngren, Gustav"]
[Result "1-0"]
[WhiteTitle "GM"]
[BlackTitle "FM"]
[WhiteElo "2404"]
[BlackElo "2275"]
[WhiteFideId "1700120"]
[BlackFideId "1728970"]
[EventDate "2022.12.27"]

1. Nf3 d5 2. d4 a6 3. g3 Bf5 4. Bg2 e6 5. O-O Nf6 6. c4 c6 7. Nbd2 Be7 8. b3 O-O
9. Bb2 Nbd7 10. Nh4 Bg4 11. h3 Bh5 12. g4 Ne4 13. Nxe4 dxe4 14. gxh5 Bxh4 15.
Bxe4 Qg5+ 16. Bg2 Nf6 17. e3 Rad8 18. f4 Qxh5 19. Qxh5 Nxh5 20. Rfd1 Rd7 21. Rd3
Rfd8 22. Rad1 Ng3 23. d5 cxd5 24. cxd5 f5 25. R3d2 Be7 26. Bc3 exd5 27. Ba5 b6
28. Bxb6 Rb8 29. Rxd5 Rxd5 30. Bxd5+ Kf8 31. Ba5 Rb5 32. Be1 Ne4 33. Bc4 Rb6 34.
Rd5 g6 35. Kf1 Nd6 36. Bd3 Kf7 37. Ra5 Nb5 38. a4 Nc7 39. Bc4+ Ke8 40. Bc3 Bf6
41. Be5 Bxe5 42. Rxe5+ Kd7 43. Ke2 Rd6 44. h4 h5 45. Ra5 Kc6 46. b4 Kd7 47. Re5
Kd8 48. a5 Kd7 49. Rc5 Kd8 50. Bb3 Kd7 51. Ba4+ Kd8 52. Rc6 Rxc6 53. Bxc6 Ke7
54. Bb7 1-0

[Event "50th Rilton Cup 2022-23"]
[Site "Stockholm SWE"]
[Date "2022.12.29"]
[Round "3.35"]
[White "Rakshitta, Ravi"]
[Black "Derakhshani, Borna"]
[Result "1/2-1/2"]
[WhiteTitle "WIM"]
[BlackTitle "FM"]
[WhiteElo "2242"]
[BlackElo "2400"]
[WhiteFideId "25073230"]
[BlackFideId "12518450"]
[EventDate "2022.12.27"]

1. e4 c5 2. Nf3 Nc6 3. Bb5 e6 4. O-O Nge7 5. b3 Ng6 6. Bxc6 bxc6 7. e5 Be7 8.
Re1 O-O 9. Bb2 f6 10. Na3 fxe5 11. Nxe5 Nxe5 12. Bxe5 d6 13. Bg3 e5 14. Nc4 Bf5
15. Qe2 Bf6 16. Ne3 Bg6 17. Qg4 Bg5 18. h4 Bxe3 19. dxe3 Kh8 20. e4 Qe8 21. Qg5
Rf6 22. Rad1 a5 23. Rd2 a4 24. Red1 Bh5 25. Rxd6 h6 26. Qxe5 Bxd1 27. Rxd1 Re6
28. Qxc5 Rxe4 29. Kh2 Re2 30. Rd6 Re6 31. Rxe6 Qxe6 32. Be5 Re8 33. Bd4 Rd8 34.
c3 Qe4 35. g3 axb3 36. axb3 Rd7 37. Qf8+ Kh7 38. b4 Qd5 39. Qf4 Rf7 40. Qg4 h5
41. Qe2 Qf3 42. Qe6 Rf6 43. Bxf6 Qxf2+ 1/2-1/2

[Event "50th Rilton Cup 2022-23"]
[Site "Stockholm SWE"]
[Date "2022.12.29"]
[Round "3.36"]
[White "Thorn, Eric"]
[Black "Valkama, Eero"]
[Result "1-0"]
[WhiteTitle "FM"]
[BlackTitle "FM"]
[WhiteElo "2397"]
[BlackElo "2263"]
[WhiteFideId "1710729"]
[BlackFideId "507555"]
[EventDate "2022.12.27"]

1. Nf3 Nf6 2. c4 e6 3. g3 d5 4. d4 Be7 5. Bg2 O-O 6. O-O c6 7. Qc2 b6 8. Rd1
Nbd7 9. Nbd2 Bb7 10. e4 dxc4 11. Nxc4 c5 12. Nfe5 cxd4 13. Rxd4 Qc7 14. Nxd7
Nxd7 15. Bf4 Qc6 16. Qd1 Rfd8 17. Rc1 Nc5 18. Nd6 g5 19. Nxb7 Rxd4 20. Qxd4 gxf4
21. e5 Qa4 22. Qxa4 Nxa4 23. Rc7 Kf8 24. Nc5 Bxc5 25. Bxa8 fxg3 26. hxg3 Nxb2
27. Kg2 Nd3 28. f4 a5 29. Be4 Nb4 30. a3 Na2 31. Bf3 Bxa3 32. Bh5 Be7 33. g4 Nb4
34. f5 exf5 35. gxf5 Nd5 36. Rc8+ Kg7 37. f6+ Nxf6 38. exf6+ Bxf6 39. Rc7 Bd4
40. Kf3 Kf6 41. Ke4 Bc5 42. Rxf7+ Ke6 43. Rxh7 a4 44. Rh6+ Ke7 45. Ke5 a3 46.
Rh7+ Kd8 47. Kd5 Kc8 48. Kc6 Kb8 49. Bf7 Ka7 50. Bc4+ Kb8 51. Bd5 Ka8 52. Rh8+
Ka7 53. Kb5 a2 54. Ra8# 1-0

[Event "50th Rilton Cup 2022-23"]
[Site "Stockholm SWE"]
[Date "2022.12.29"]
[Round "3.37"]
[White "Lopez Mulet, Inigo"]
[Black "Vagman, Roy"]
[Result "0-1"]
[WhiteTitle "IM"]
[BlackTitle "FM"]
[WhiteElo "2389"]
[BlackElo "2255"]
[WhiteFideId "22235620"]
[BlackFideId "2828995"]
[EventDate "2022.12.27"]

1. d4 Nf6 2. c4 e6 3. g3 d5 4. Bg2 dxc4 5. Qa4+ Bd7 6. Qxc4 c5 7. Nf3 b5 8. Qc2
Na6 9. Ne5 Rc8 10. O-O cxd4 11. Qd1 Nb4 12. Na3 Bc5 13. Qb3 a5 14. Bg5 a4 15.
Qf3 Nbd5 16. Qd3 b4 17. Nc2 Qb6 18. Nxd7 Nxd7 19. Bxd5 exd5 20. Bf4 O-O 21. Qf3
Nf6 22. Rad1 Ne4 23. Rd3 Rfe8 24. Rfd1 g5 25. Bd2 Rc6 26. Be1 Rf6 27. Qg4 Rg6
28. Qf5 h5 29. Nxd4 Qb7 30. e3 Rf6 31. Qh3 Re5 32. Qxh5 Rg6 33. f4 Nf6 34. Qf3
g4 35. Qe2 Rh5 36. Rc1 Bb6 37. Rc2 Rgh6 38. Qd1 Qe7 39. Rdd2 Qxe3+ 40. Kh1 Qe4+
41. Kg1 Qe3+ 42. Kh1 b3 43. axb3 axb3 44. Rc8+ Kg7 45. h4 gxh3 46. Kh2 Qe4 47.
Nf3 Ng4+ 48. Kh1 Re6 49. Rd3 h2 50. Bc3+ f6 51. Rd2 Qe3 52. Nd4 Qe1+ 0-1

[Event "50th Rilton Cup 2022-23"]
[Site "Stockholm SWE"]
[Date "2022.12.29"]
[Round "3.38"]
[White "Sawatzki, Frank"]
[Black "Kukreja, Sankalp"]
[Result "1-0"]
[WhiteTitle "FM"]
[BlackTitle "CM"]
[WhiteElo "2369"]
[BlackElo "2254"]
[WhiteFideId "4613600"]
[BlackFideId "45027676"]
[EventDate "2022.12.27"]

1. e4 c5 2. Nf3 e6 3. d4 cxd4 4. Nxd4 Nc6 5. Nc3 Qc7 6. Qd3 a6 7. Nxc6 Qxc6 8.
Be2 Bc5 9. f4 Ne7 10. Bf3 d6 11. Be3 O-O 12. Bxc5 Qxc5 13. O-O-O Rd8 14. Kb1 Nc6
15. e5 d5 16. Ne4 Qb5 17. c4 Qa4 18. Ng5 g6 19. Qc2 Qxc2+ 20. Kxc2 h6 21. Nh3
Bd7 22. Nf2 Rac8 23. Kb1 Ne7 24. cxd5 exd5 25. Bg4 h5 26. Bxd7 Rxd7 27. Rc1 Rc4
28. g3 Nc6 29. Rhd1 Rxc1+ 30. Kxc1 Kf8 31. Kd2 Nd4 32. Kd3 Ne6 33. Rc1 Ke7 34.
Kd2 Rd8 35. Nd3 Rd7 36. Ke3 Ng7 37. h3 Nf5+ 38. Kf2 Nd4 39. g4 hxg4 40. hxg4 Kd8
41. Ke3 Ne6 42. f5 gxf5 43. gxf5 Ng7 44. Kf4 Rc7 45. Rc5 Rd7 46. b3 Ne8 47. Rc2
Ke7 48. Rd2 b6 49. Nb4 Nc7 50. Rc2 Kf8 51. Rc6 d4 52. Nd3 Kg7 53. Kg5 Nd5 54.
f6+ Kh7 55. Rd6 Rxd6 56. exd6 a5 57. d7 Nc7 58. Nf4 1-0

[Event "50th Rilton Cup 2022-23"]
[Site "Stockholm SWE"]
[Date "2022.12.29"]
[Round "3.39"]
[White "Nandhidhaa, P V"]
[Black "Ostlund, Joar"]
[Result "1-0"]
[WhiteTitle "WGM"]
[BlackTitle "CM"]
[WhiteElo "2358"]
[BlackElo "2212"]
[WhiteFideId "5050847"]
[BlackFideId "1735020"]
[EventDate "2022.12.27"]

1. d4 d5 2. Nf3 Nf6 3. c3 e6 4. Bf4 Bd6 5. e3 O-O 6. Nbd2 Bxf4 7. exf4 c5 8.
dxc5 Qc7 9. g3 Qxc5 10. Bg2 Nc6 11. O-O b5 12. Ne5 a5 13. a4 Nxe5 14. fxe5 Nd7
15. Re1 bxa4 16. Rxa4 Rb8 17. Nb3 Qc7 18. Qc2 Nxe5 19. Nxa5 Bd7 20. Ra2 Ra8 21.
b4 Bb5 22. Qd2 Rfc8 23. Rc2 Nd3 24. Re2 Ne5 25. Re1 Ra6 26. Qd4 Nc6 27. Qc5 Rb6
28. c4 Nxa5 29. Qxc7 Rxc7 30. bxa5 Rbb7 31. Bxd5 Bc6 32. Bxc6 Rxc6 33. Ra1 Kf8
34. Kf1 Ke7 35. Ke2 Kd6 36. Kd3 Ra6 37. Kc3 Rba7 38. Rca2 Kc5 39. f4 Rb7 40. Re1
f6 41. f5 exf5 42. Rd2 Rd6 43. Rxd6 Kxd6 44. Kd4 Ra7 45. c5+ Kd7 46. Ra1 Kc6 47.
Kc4 h5 48. a6 g5 49. Kb4 Ra8 50. Ka5 Kxc5 51. Rf1 Kc6 52. Rxf5 Rf8 53. Rb5 f5
54. a7 Kc7 55. Rb6 Re8 56. Ka6 Re2 57. Rc6+ Kd7 58. Rc5 Kd6 59. Ra5 Re8 60. Kb7
Ke6 61. a8=Q Rxa8 62. Kxa8 Kf6 63. h4 gxh4 64. gxh4 f4 65. Rxh5 f3 66. Ra5 1-0

[Event "50th Rilton Cup 2022-23"]
[Site "Stockholm SWE"]
[Date "2022.12.29"]
[Round "3.40"]
[White "Acikel, Mert"]
[Black "Aarav, Dengla"]
[Result "1-0"]
[WhiteTitle "FM"]
[BlackTitle "FM"]
[WhiteElo "2234"]
[BlackElo "2357"]
[WhiteFideId "12956465"]
[BlackFideId "45059756"]
[EventDate "2022.12.27"]

1. e4 c5 2. Nf3 d6 3. Bb5+ Nd7 4. Ba4 Nf6 5. O-O e6 6. Re1 Be7 7. c3 a6 8. d4 b5
9. Bc2 Bb7 10. h3 Qc7 11. Bf4 Rc8 12. Bd3 O-O 13. a4 Rfd8 14. Qe2 c4 15. Bc2 Nf8
16. Nbd2 Ng6 17. Bh2 Qb6 18. e5 Nd5 19. axb5 axb5 20. Bxg6 hxg6 21. exd6 Bxd6
22. Bxd6 Rxd6 23. Ne4 Rdd8 24. Ne5 Ne7 25. Nc5 Nd5 26. Qf3 Rc7 27. Qg3 Ne7 28.
Qh4 f6 29. Nf3 Bxf3 30. gxf3 Rxc5 31. dxc5 Qxc5 32. Rxe6 Nf5 33. Qf4 g5 34. Qe4
Rd2 35. Rf1 Ng3 36. Qg6 Re2 37. Qe8+ Kh7 38. Rxe2 Nxe2+ 39. Qxe2 Qc8 40. Kg2 f5
41. Re1 Qb7 42. Qe8 1-0

[Event "50th Rilton Cup 2022-23"]
[Site "Stockholm SWE"]
[Date "2022.12.29"]
[Round "3.42"]
[White "Grahn, Vidar"]
[Black "Koykka, Pekka"]
[Result "0-1"]
[BlackTitle "IM"]
[WhiteElo "1980"]
[BlackElo "2351"]
[WhiteFideId "1744780"]
[BlackFideId "504319"]
[EventDate "2022.12.27"]

1. e4 c5 2. Nf3 d6 3. d4 cxd4 4. Nxd4 Nf6 5. Nc3 a6 6. h4 e5 7. Nb3 Be6 8. Bg5
Nbd7 9. Qd2 Rc8 10. O-O-O h6 11. Bxf6 Nxf6 12. f3 h5 13. g3 Be7 14. f4 Qc7 15.
Rh2 Ng4 16. Rh1 g6 17. Bd3 exf4 18. gxf4 Bf6 19. Nd5 Bxd5 20. exd5 O-O 21. Rdg1
Kg7 22. f5 Rfe8 23. c3 Qb6 24. fxg6 fxg6 25. Be2 Re4 26. Bf3 Rec4 27. Bxg4 hxg4
28. h5 gxh5 29. Rf1 Rxc3+ 30. bxc3 Rxc3+ 31. Kd1 Qb5 32. Nc1 Qa4+ 33. Ke1 Rc2
34. Rf4 Qe8+ 35. Qe2 Rxc1+ 0-1